000 00998nam a2200301 a 4500
001 000015282
003 000015282
005 20180323154148.0
008 100204s2008 dr a 001 0 spa d
020 _z9993468419
040 _aBPMET
_bspa
_cBPMET
049 _aBNPD
092 _a923.17293
_bC343b 2006
100 1 _aCassá, Roberto,
_d1948-
245 1 0 _aBuenaventura Báez :
_bcinco veces presidente /
_cRoberto Cassá.
250 _a4a ed.
260 _aSanto Domingo :
_bTobogan,
_c2008
300 _a80 p. :
_bil.,
_c21 cm.
490 1 _aBiografías Dominicanas Tobogan.
600 1 4 _aBÁEZ, BUENAVENTURA,
_d1812-1884
650 4 _aPRESIDENTES
_zREPÚBLICA DOMINICANA
_xBIOGRAFÍAS
651 4 _aREPUBLICA DOMINICANA
_xHISTORIA
_y1844-1861
651 4 _aREPUBLICA DOMINICANA
_xHISTORIA
_xANEXIÓN A ESPAÑA
_z1861-1863
830 0 _aBiografías Dominicanas Tobogan
942 _2ddc
_cBK
945 _aRemanejado para la BNPHU / 2017 VM
956 _aVMATEO
_b10
_c20150729
_lBPMSU
_h0069
999 _c7120
_d7120